Journeys : Listening and speaking

Сохранить в:
Библиографические подробности
Главный автор: Hagen, Stacy A.
Формат:
Язык:Undetermined
Опубликовано: Hongkong Pearson 2000
Предметы:
Метки: Добавить метку
Нет меток, Требуется 1-ая метка записи!
Thư viện lưu trữ: Trung tâm Học liệu Trường Đại học Cần Thơ
LEADER 00569nam a2200217Ia 4500
001 CTU_94108
008 210402s9999 xx 000 0 und d
020 |c 495500 
082 |a 428.34 
082 |b H143/Cas.2 
100 |a Hagen, Stacy A. 
245 0 |a Journeys : 
245 0 |b Listening and speaking 
245 0 |c Stacy A. Hage 
260 |a Hongkong 
260 |b Pearson 
260 |c 2000 
650 |a English language,English language,Listening 
650 |x Spoken English 
904 |i M.Loan 
980 |a Trung tâm Học liệu Trường Đại học Cần Thơ